000 00697nam a2200193 i 4500
001 186448
003 SpMaBN
005 20251005063139.0
008 161114q1945 sp |||| | spa d
080 _a821.134.3.09-32"18"
100 1 _aCastelo Branco, Camilo,
_d1825-1890
_936559
245 1 0 _aLibro de consolación
_b: novela /
_cCamilo Castello Branco ; [traducción autorizada de José Aznar].
260 _aBarcelona :
_bDelfos,
_c[1945?]
300 _a262 p. ;
_c18 cm.
490 1 _aDelfos ;
_v2
830 0 _aDelfos ;
_v2
_9223189
852 _aES-MaACL
_jL-30802
_z- enc. cart.
_z. - Donat. herederos de la bibl. de Mª del Pilar Costa Palacín
999 _c186448
_d186448